000 00783cad a22002055a 4500
001 L153633
008 110811e20110810xxk 000 0 eng d
035 _a(Sirsi) u153633
041 0 _aeng
110 2 _aCouncil of Mortgage Lenders
_95903
245 0 0 _aCML updates instructions on disclosing incentives
_h[electronic resource]
260 _c2011
490 _aCML News and Views
_v(15) 10 August 2011
520 _aThe Council of Mortgage Lendes (CML) is revising its disclosure of incentives form. Effective from 1 October 2011.
590 _aKA NTK
651 4 _aUNITED KINGDOM
690 _aPROPERTY-ACQUISITION AND DISPOSAL OF PROPERTY
856 4 0 _uhttps://www.cml.org.uk/cml/publications/newsandviews/95/354
_zView this item free of charge at www.cml.org
942 _n0
999 _c83346
_d83346